Wszystkie stacje kolejowe na trasie Kraków - Kielce - Statystyki

Ogólne statystyki
  • Ten quiz został rozwiązany 131 razy
    130 od ostatniego zresetowania
  • Średni wynik to 13 z 29
Statystyki odpowiedzi
Nazwa stacji % Poprawnych
Kielce
93%
Kraków Główny
90%
Miechów
82%
Jędrzejów
81%
Sędziszów
70%
Tunel
60%
Słomniki
59%
Kraków Batowice
58%
Kozłów
53%
Niedźwiedź
50%
Kielce Białogon
48%
Sitkówka Nowiny
46%
Kielce Słowik
43%
Słomniki Miasto
43%
Sobków
39%
Klimontów
37%
Zastów
35%
Wolica
33%
Goszcza
31%
Baranówka
30%
Miąsowa
29%
Radkowice
29%
Łuczyce
26%
Kamieńczyce
25%
Szczepanowice
24%
Potok
23%
Pstroszyce
21%
Smroków
21%
Krzcięcice
18%
Nie znaleziono quizów pasujących do podanych kryteriów
Rozkład punktacji
Procent ludzi z każdym wynikiem
Percentyl według liczby udzielonych odpowiedzi
Twoja historia wyników
Nie rozwiązałeś tego quizu od ostatniego zresetowania